PRÍPRAVA A VPLYV DOPANTOV NA VLASTNOSTI VYBRANÝCH KERAMICKÝCH MATERIÁLOV.

Gespeichert in:
Bibliographische Detailangaben
1. Verfasser: Bača, Ľuboš (Verfasst von)
Weitere Verfasser: (Betreuung Doktorarbeit)
Format: Manuskript Buch
Sprache:Slowakisch
Veröffentlicht: 2020
Schlagworte:
Online-Zugang:http://is.stuba.sk/zp/portal_zp.pl?podrobnosti_zp=77462
Tags: Tag hinzufügen
Keine Tags, Fügen Sie das erste Tag hinzu!

MARC

LEADER 00000ntm a22000003a 4500
001 stuzp77462
003 SK-STU
005 20201003210222.5
007 ta
008 150427s2015----xo-----f-mn---000-0-slo-d
040 |a STU  |b slo 
041 0 |a slo 
100 1 |a Bača, Ľuboš  |u 040906  |k Z8  |4 aut  |U FCHPT Dekanát  |T FCHPT Projektové stredisko  |X 70834  |U 040906  |Y 693  |7 A0000070834 
242 0 1 |a PREPARATION AND IMPACT OF DOPANTS ON CHARACTERISTICS OF SELECTED CERAMIC MATERIALS.  |y eng 
245 1 0 |a PRÍPRAVA A VPLYV DOPANTOV NA VLASTNOSTI VYBRANÝCH KERAMICKÝCH MATERIÁLOV. 
260 |c 2020 
650 4 |a borides  |2 eng 
650 4 |a corundum  |2 eng 
650 4 |a composite materials  |2 eng 
650 4 |a crystallization  |2 eng 
650 4 |a kompozitné materiály  |2 slo 
650 4 |a kryštalizácia  |2 slo 
650 4 |a keramika  |2 slo 
650 4 |a boridy  |2 slo 
650 4 |a korund  |2 slo 
700 1 |a ,  |4 ths  |X null  |7 null 
856 4 |u http://is.stuba.sk/zp/portal_zp.pl?podrobnosti_zp=77462